000 00636nam a2200241Ia 4500
003 OSt
005 20221007080501.0
006 a|||||r|||| 00| 0
007 ta
008 221006b |||||||| |||| 00| 0 eng d
024 _a43,274
037 _cTextual
040 _aFLL
_cFLL
_beng
041 _2eng
_aeng
082 _aY9(k):45:5(Z).2, Q3
100 _aGandhi M.
_95832
245 0 _aAnimal laws of India
250 _a5th
260 _aNew Delhi
_bUniversal law publishing India
_c2013
300 _a1618 xxviii
_ccm.
942 _hY9(k):45:5(Z).2, Q3
_cTEXL
_2CC
999 _c1159803
_d1159803